| 000 | 00827 a2200289 4500 | ||
|---|---|---|---|
| 999 |
_c200129618 _d4125 |
||
| 001 | 200129618 | ||
| 003 | TR-AnTOB | ||
| 005 | 20200504160347.0 | ||
| 008 | 130531b tu 000 0 | ||
| 020 | _a9783864984204 | ||
| 040 |
_aTR-AnTOB _cTR-AnTOB |
||
| 041 | _atur | ||
| 050 |
_aJC336 _b.S6719 2013 |
||
| 090 | _aJC336 .S6719 2013 | ||
| 245 | 1 | 0 |
_aSosyal devlet ve sosyal demokrasi / _cAlexander Petring...[at al.]. |
| 250 | _a2. ed. | ||
| 264 | 1 |
_aBonn: _bFriedrich Ebert Vakfı, _c2013 |
|
| 300 |
_a156 p. _c20 cm. |
||
| 490 | 0 |
_aSosyal Demokrasi El Kitabı ; _v3. |
|
| 504 | _aBibliography: p.151-156. | ||
| 650 | 7 |
_aRefah devleti _2etuturkob _928173 |
|
| 650 |
_aSosyalizm _2etuturkob _98222 |
||
| 650 | 7 |
_aDevlet _2etuturkob _925617 |
|
| 700 |
_aPetring, Alexander _990071 |
||
| 942 |
_cBK _2lcc |
||